| 000 | 00506nam a2200145 a 4500 | ||
|---|---|---|---|
| 001 | 000039656 | ||
| 005 | 20201002033649.0 | ||
| 008 | 130715s2001 xxu 000 0 spa d | ||
| 020 | _a0826213537 | ||
| 040 |
_aDO-SdBNP _bspa _cBNPHU |
||
| 100 | 1 |
_aGraham, John T. _d1928- _965846 |
|
| 245 | 1 | 0 |
_aThe social thought of Ortega y Gasset : _ba systematic synthesis in postmodernism and interdisciplinarity / _cJohn T. Graham. |
| 260 |
_aColumbia : _bUniversity of Missori Press, _c2001. |
||
| 300 |
_a529 p. ; _c25 cm. |
||
| 999 |
_c39146 _d39146 |
||